000 00932cam a22003017a 4500
003 CHAP
005 20220329134152.0
008 971013s1958 r 00010 d
010 _a16473
011 _a17445
035 _a21528
040 _cCHAP
082 _a674.4
_bH6
100 0 0 _aHordern, Robert H.
_eed.
_956222
245 1 4 _aThe woodworking machinist
260 _aLondon :
_bCaxton,
_c1958
300 _a2 v.
_b: ilus.
590 _aBATCH-UPD
_b10
_c20130110
_lUCH01
_h0243
590 _aBATCH-UPD
_b10
_c20130110
_lUCH01
_h2322
590 _aBATCH-UPD
_b10
_c20130409
_lUCH01
_h2312
590 _aBATCH-UPD
_b10
_c20130914
_lUCH01
_h1226
590 _aCONVERSION
_b10
_c20130109
_lUCH01
_h1310
650 1 4 _aEbanistería.
_935021
901 _aBK
942 _cLIBRO
949 _a674.4 H6
_bBC
_cLIBRO
_d33724000107033
_eLIBRO
_fv.1
_h25443
_i21528
_si
949 _a674.4 H6
_bBC
_cLIBRO
_d33724000107041
_eLIBRO
_fv.2
_h24444
_i21528
_si
999 _c16473
_d16473